| 000 | 00624nam a22002057a 4500 | ||
|---|---|---|---|
| 005 | 20251107151557.0 | ||
| 010 | _aENG - 147091 | ||
| 020 |
_a9789357316989 _c499 |
||
| 035 | _aEN- 130623 | ||
| 037 | _bDBAD | ||
| 082 |
_a327.2 _21 |
||
| 100 |
_aZinsser; Hans _985623 |
||
| 245 |
_aRats , Lice And History; _cHans Zinsser |
||
| 250 | _a1 | ||
| 260 |
_aGurugram _bHachette Book Publishing India Pvt. Ltd _c2025 |
||
| 270 |
_a4th & 5th Floors,Corporate Centre,Plot No .94 sector 44 _bGurugram _e122003 |
||
| 300 |
_a268p. _c20cm(pb) |
||
| 700 |
_979478 _aZinsser Hans |
||
| 942 |
_2ddc _cEN _mZin _h327.2 |
||
| 999 |
_c213722 _d213722 |
||